000 00508 a2200145 4500
020 _a0070254133 (hardcover)
020 _a9780070254138 (hardcover)
090 _c5331
_d5331
100 1 _aKellogg, Marjorie.
245 1 0 _aPerspectives on behaviour in organizations /
_cMarjorie Kellogg.
260 _a[S.l.] :
_bMcGraw Hill Higher Education,
_c1977.
300 _a544 p. ;
_c24 cm.
856 4 0 _3Amazon.com
_uhttp://www.amazon.com/exec/obidos/ASIN/0070254133/chopaconline-20
942 _aNBS
_cBK
_k658.4008 HAC
999 _c347743
_d347743